00545nam a2200121Ia 4500008004100000082001900041100003300060245007800093260008900171300000700260630007800267730007800345100122s9999 xx 000 0 und d b71461a291.211 aआठवले जयंत aश्रीगणपती निर्गुण- सगुण रूप bसनातन भारतीय संस्कृति संस्थाc2006 a43 aश्रीगणपती निर्गुण- सगुण रूप aश्रीगणपती निर्गुण- सगुण रूप